Obscure Tintin Knowledge - Statistics

General Stats
  • This quiz has been taken 24 times
  • The average score is 3 of 32
Answer Stats
Hint Answer % Correct
Full first name of G. Bird Gustav Bird
56%
New name General Tapioca gives Los Dopicos (San Theodoro’s capital) Tapiocapolis
56%
Direction in which the Captain throws Calculus’ Pendulum West
28%
What Allan compares Rastapopoulos’ nose to in Flight 714 to Sydney A proboscis monkey
22%
Name of colonel that ‘accommodates’ Haddock, Calculus, and later Tintin during their stay in San Theodoros Colonel Alvarez
22%
Asteroid to which the Captain attempts to travel to in space Adonis
11%
Sakharine’s Full Name Ivan Ivanovitch Sakharine
11%
Sakharine’s address 21 Eucalyptus Avenue
6%
The type of ship that the 𝘜𝘯𝘪𝘤𝘰𝘳𝘯 is A frigate
6%
Sakharine’s profession (or at least what his card claims) Collector
6%
Foreign term used for ‘sparkling water,’ told to the Captain by a checkpoint guard Döszt
6%
Name of the company that refuses the Captain oil Golden Oil
6%
“My hat!” Laslo Carreidas
6%
Name of the room in Marlinspike where the Captain displays objects recovered from the Unicorn’s wreck The Maritime Gallery
6%
Code name given to Calculus’ expedition in Destination Moon/Explorers on the Moon Ulysses
6%
What Thompson forgets to put on prior to diving Weighted boots
6%
Time the Thom(p)sons erroneously thought the rocket launch was scheduled for 1:34 PM
0%
Type of dog Snowy is A wire fox terrier
0%
What Barnaby Dawes points at after being shot Birds (sparrows)
0%
Method used by Carreidas to cheat at Battleships Closed-circuit television (CCTV)
0%
What Tintin’s kidnappers in 𝘛𝘩𝘦 𝘚𝘦𝘤𝘳𝘦𝘵 𝘰𝘧 𝘵𝘩𝘦 𝘜𝘯𝘪𝘤𝘰𝘳𝘯 say their delivery is Dinner service
0%
The name written on the band of the Pharaoh’s cigars Flor fina (Spanish for ‘fine flower/bloom’)
0%
“Mamma mia!” Gino
0%
New co-pilot in Carreidas’ jet Hans Boehm
0%
Part of the astronaut statue that must be pressed to reveal the escape path Its right eye (and pressed hard at that!)
0%
“Fujiyama!” Mitsuhirato
0%
Name Professor Phostle gives to the new metal found in the asteroid Phostilite
0%
Beverage the Captain says is his least favourite Sparkling water
0%
Funders of Tintin’s expedition in 𝘛𝘩𝘦 𝘚𝘩𝘰𝘰𝘵𝘪𝘯𝘨 𝘚𝘵𝘢𝘳 The European Foundation for Scientific Research (E.F.S.R.)
0%
Fabricated organisation owning the Cithara, the fictitious ship in distress in 𝘛𝘩𝘦 𝘚𝘩𝘰𝘰𝘵𝘪𝘯𝘨 𝘚𝘵𝘢𝘳 The John Kingsby Navigation Company
0%
Society that the Captain is supposedly president of The Society of Sober Sailors (S.S.S.)
0%
Is there a statue of an actual eagle when Tintin and the Captain discover the globe containing Red Rackham’s Treasure? Yes (revealed when a painting concealing it is put to one side)
0%
No matching quizzes found
Score Distribution
Percent of People with Each Score
Percentile by Number Answered
Your Score History
You have not taken this quiz